|
|
|
|
| LEADER |
00000nam0a2200000 4500 |
| 001 |
685684 |
| 005 |
20260326142410.0 |
| 090 |
|
|
|a 685684
|
| 100 |
|
|
|a 20260326d1977 k||y0rusy50 ca
|
| 101 |
0 |
|
|a rus
|
| 102 |
|
|
|a RU
|
| 105 |
|
|
|a y z 000yy
|
| 181 |
|
0 |
|a i
|b e
|
| 182 |
|
0 |
|a n
|
| 183 |
|
0 |
|a nc
|2 RDAcarrier
|
| 200 |
1 |
|
|a Мирное сосуществование и социально-политическое развитие
|f Институт государства и права АН СССР, Советская ассоциация политических (государствоведческих) наук
|
| 203 |
|
|
|a Текст
|b визуальный
|c непосредственный
|
| 210 |
|
|
|a Москва
|c Наука
|d 1977
|
| 215 |
|
|
|a 248 с.
|
| 225 |
1 |
|
|a Ежегодник
|
| 283 |
|
|
|a volume
|2 RDAcarrier
|
| 606 |
|
|
|a Мирное сосуществование
|9 63458
|
| 606 |
|
|
|a Общественное развитие
|x Диалектика
|9 65778
|
| 610 |
1 |
|
|a социальный прогресс
|
| 610 |
1 |
|
|a общество
|
| 610 |
1 |
|
|a политическая культура
|
| 610 |
1 |
|
|a буржуазные страны
|
| 610 |
1 |
|
|a политическая наука
|
| 610 |
1 |
|
|a политическая практика
|
| 686 |
|
|
|2 rubbk
|a Ф4(0)30
|
| 686 |
|
|
|2 rubbk
|a Ю632
|
| 712 |
0 |
2 |
|a Академия наук СССР
|b Институт государства и права
|c (Москва)
|c (1959-1991)
|4 570
|9 25063
|
| 712 |
0 |
2 |
|a Советская ассоциация политических (государствоведческих) наук
|4 570
|9 26587
|
| 801 |
|
0 |
|a RU
|b 63413507
|c 20260326
|
| 830 |
|
|
|a Ретро2026Каталогизация Шило
|
| 850 |
|
|
|a 63413507
|
| 942 |
|
|
|c BK
|